00541nam a2200157Ia 4500008004100000020001500041082001500056100002700071245004700098260003000145300001000175600001000185942000700195952016400202999001700366250826s9999 xx 000 0 und d a9695030386 a297.26 GHA aGhaznavi, Syeda Saadia 0aNabi Akram (S.A.W) batoor mahir e nafsiyat aLahore:bAl Faisal,c2009 a216p. aIslam cGB 00104070aUITUbUITUcGIFd2025-08-26eGifted by Abdul Mannan Ansaril0o297.26 GHApG355r2025-08-26 13:20:59w2025-08-26yGBzGifted by Abdul Mannan Ansari c31523d31523